Practical gardening for for indian amateurs / (Record no. 758992)

MARC details
000 -LEADER
fixed length control field 00347nam a22001337a 4500
020 ## - INTERNATIONAL STANDARD BOOK NUMBER
ISBN 9789390680788
082 ## - DEWEY DECIMAL CLASSIFICATION NUMBER
Classification number 635 WES.P
100 ## - MAIN ENTRY--AUTHOR NAME
Personal name West, R. Barton
245 ## - TITLE STATEMENT
Title Practical gardening for for indian amateurs /
260 ## - PUBLICATION, DISTRIBUTION, ETC. (IMPRINT)
Place of publication Jaipur :
Name of publisher Hilltop publications ,
Year of publication c2024.
300 ## - PHYSICAL DESCRIPTION
Number of Pages 384 p.
942 ## - ADDED ENTRY ELEMENTS (KOHA)
Source of classification or shelving scheme Dewey Decimal Classification
Koha item type Book
Holdings
Withdrawn status Lost status Source of classification or shelving scheme Damaged status Not for loan Home Library Current Location Shelving location Date acquired Source of acquisition Full call number Accession Number Price effective from Koha item type
    Dewey Decimal Classification     Dept. of Botany Dept. of Botany General Stacks 24/04/2026 Southern book star 635 WES.P BOT10964 24/04/2026 Book